Meryl Streep Filmography - Statistics

General Stats
  • This quiz has been taken 1,481 times
    223 since last reset
  • The average score is 31 of 253
Answer Stats
Type Year Name % Correct
Film 2006 The Devil Wears Prada
92%
Film 1979 Kramer vs. Kramer
84%
Film 2011 The Iron Lady
84%
Film 2008 Mamma Mia!
82%
Film 1982 Sophie's Choice
82%
Film 2001 A.I. Artificial Intelligence
74%
Film 1985 Out of Africa
70%
Film 2009 Julie & Julia
69%
Film 2014 Into the Woods
65%
Film 1978 The Deer Hunter
65%
Film 1995 The Bridges of Madison County
61%
Film 2017 The Post
59%
Film 2026 The Devil Wears Prada 2
57%
Film 2013 August: Osage County
54%
Film 2016 Florence Foster Jenkins
54%
Film 2009 It's Complicated
53%
Web Series 2023-Present Only Murders in the Building
53%
Film 2008 Doubt
51%
Film 1992 Death Becomes Her
50%
Film 2019 Little Women
49%
Film 1983 Silkwood
47%
Film 2021 Don't Look Up
46%
Film 1977 Julia
43%
Film 2018 Mamma Mia! Here We Go Again
41%
Film 2002 The Hours
41%
Film 2002 Adaptation.
39%
Film 1990 Postcards from the Edge
39%
Film 1987 Ironweed
38%
Film 1996 Marvin's Room
38%
Film 1981 The French Lieutenant's Woman
38%
Film 2020 The Prom
38%
Film 1984 Falling in Love
34%
Film 2018 Mary Poppins Returns
34%
Film 2019 The Laundromat
34%
TV Show 2019 Big Little Lies
32%
Film 1979 Manhattan
32%
Film 2009 Fantastic Mr. Fox
31%
Film 1999 Music of the Heart
31%
Film 1986 Heartburn
30%
Film 1989 She-Devil
30%
Film 1994 The River Wild
30%
TV Mini-Series 2003 Angels in America
28%
Film 2004 Lemony Snicket's A Series of Unfortunate Events
28%
Film 1988 Evil Angels
26%
Film 2012 Hope Springs
26%
Film 1998 One True Thing
26%
Film 2015 Ricki and the Flash
26%
Film 2004 The Manchurian Candidate
26%
TV Show 1994 The Simpsons
24%
Film 2007 Lions for Lambs
23%
Film 2005 Prime
23%
Film 2020 Let Them All Talk
22%
Film 2015 Suffragette
22%
Film 2014 The Giver
20%
TV Mini-Series 1978 Holocaust
19%
Film 1996 Before and After
18%
Film 1985 Plenty
18%
Film 2006 The Ant Bully
18%
Film 1993 The House of the Spirits
18%
Theater 2001 The Seagull
18%
Film 1982 Still of the Night
16%
Theater 1978 The Taming of the Shrew
16%
Film 1991 Defending Your Life
12%
Theater 1976 Henry V
12%
Film 2026 Hoppers
12%
Theater 1977 The Cherry Orchard
12%
Film 2006 A Prairie Home Companion
11%
Film 2007 Evening
11%
Film 2003 Stuck on You
11%
Film 1998 Dancing at Lughnasa
9%
Film 2007 Dark Matter
9%
TV Show 1999 King of the Hill
9%
Theater 2006 Mother Courage and Her Children
9%
Film 2007 Rendition
9%
Film 1979 The Seduction of Joe Tynan
9%
TV Film 1982 Alice at the Palace
8%
Theater 1974-1975 A Midsummer Night's Dream
8%
Web Series 2023 Extrapolations
8%
TV Show 1977, 1979, 1992 Great Performances
8%
TV Documentary 1981 Kiss Me, Petruchio
8%
TV Film 1977 The Deadliest Season
8%
Film 2014 The Homesman
8%
Documentary Mini-Series 2014 The Roosevelts: An Intimate History
8%
Web Series 2010 Web Therapy
8%
TV Show 2012 Web Therapy
8%
Theater 1980-1981 Alice in Concert
7%
TV Film 1997 ...First Do No Harm
7%
Documentary Mini-Series 2017 Five Came Back
7%
Documentary 2013 Girl Rising
7%
Theater 1974, 1977 Happy End
7%
Documentary Series 2013 Makers: Women Who Make America
7%
Theater 1976 Measure for Measure
7%
Documentary 2024 Schindler Space Architect
7%
Theater 1976 Secret Service
7%
TV Special 2025 SNL50: The Anniversary Special
7%
Theater 1979 Taken in Marriage
7%
Documentary Mini-Series 2025 The American Revolution
7%
Film 2017 The Guardian Brothers
7%
Short Film 2006 The Music of Regret
7%
Theater 1975 Trelawny of the 'Wells'
7%
Documentary 2012 A Fierce Green Fire: The Battle for a Living Planet
5%
TV Documentary 1992 Age 7 in America
5%
Theater 1976 A Memory of Two Mondays
5%
Theater 2004 Bridge and Tunnel
5%
Documentary 2011 Disneynature: Wings of Life
5%
TV Film 1976 Everybody Rides the Carousel
5%
Documentary Series 2003 Freedom: A History of Us
5%
Short Film 2020 Here We Are: Notes for Living on Planet Earth
5%
Short Documentary 2006 Hurricane on the Bayou
5%
Documentary 2007 Ocean Voyagers
5%
Documentary 2013 Out of Print
5%
Documentary 2005 Stolen Childhoods
5%
TV Special 1990 The Earth Day Special
5%
Documentary 2018 This Changes Everything
5%
Film TBA Useful Idiots
5%
Podcast 2020 Heads Will Roll
4%
Short Film 2010 Higglety Pigglety Pop! or There Must Be More to Life
4%
Documentary 2015 Shout Gladi Gladi
4%
Short Documentary 1995 The Living Sea
4%
Short Documentary 2012 To the Arctic 3D
4%
Documentary 2017 We Rise
4%
Theater 1976 27 Wagons Full of Cotton
3%
Documentary Mini-Series 2010 America: The Story of the US
3%
Short Film 1999 Chrysanthemum
3%
Documentary Mini-Series 2024 Corridors of Power: Should America Police the World?
3%
Theater 1973 Edward II
3%
Short Film 2004 Gilda's Club: A Special Place
3%
Theater 1983-1984 Isn't It Romantic?
3%
Web Mini-Series 2020 James and the Giant Peach with Taika and Friends
3%
Short Film 1984 Little Ears: The Velveteen Rabbit
3%
Theater 1972 Major Barbara
3%
Short Film 1989 Rabbit Ears: The Fisherman and His Wife
3%
Theater 1972 Shearwater
3%
Theater 1973 The Balcony
3%
Theater 1974 The Father
3%
Theater 1973-1974 The Frogs
3%
Theater 1974 The Idiots Karamazov
3%
Theater 1971 The Playboy of Seville
3%
Theater 1972 The Royal Pardon
3%
Documentary Mini-Series 2022 The U.S. and the Holocaust: A Film by Ken Burns, Lynn Novick & Sarah Botstein
3%
TV Film 1979 Uncommon Women and Others
3%
Theater 2002 42nd and Vine: Hollywood Hits Broadway
1%
TV Special 2007 AFI Life Achievement Award: A Tribute to Al Pacino
1%
TV Special 1999 AFI Life Achievement Award: A Tribute to Dustin Hoffman
1%
TV Specal 2014 AFI Life Achievement Award: A Tribute to Jane Fonda
1%
TV Special 2004 AFI Life Achievement Award: A Tribute to Meryl Streep
1%
TV Special 2010 AFI Life Achievement Award: A Tribute to Mike Nichols
1%
TV Special 2003 AFI Life Achievement Award: A Tribute to Robert De Niro
1%
Commercial 1991 American Express
1%
TV Show 2013 Celebrity Style Story
1%
Theater 1973 Cock-a-Doodle-Dandy
1%
TV Show 2024 Dream Requiem
1%
Documentary 2015 Everything Is Copy
1%
Documentary Mini-Series 2021 Hemingway
1%
Theater 1996 Honour
1%
TV Show 2005 Live from Lincoln Center
1%
Theater 1972 Love Depths
1%
TV Show 1980 Omnibus
1%
Short Film 1992 Rabbit Ears: The Night Before Christmas
1%
Short Film 1987 Rabbit Ears: The Tale of Mr. Jeremy Fisher
1%
Short Film 1987 Rabbit Ears: The Tale of Peter Rabbit
1%
Documentary 2012 Radioman
1%
Short TV Documentary 2016 Shoulders
1%
Theater 2005 Theater of the New Ear
1%
Documentary 2008 Theater of War
1%
Theater 1973 The Brothers Karamazov
1%
TV Special 1981-2017 The Kennedy Center Honors: A Celebration of the Performing Arts
1%
TV Film 2009 The Magic 7
1%
Theater 1974 The Possessed
1%
Theater 1974-1975 The Shaft of Love
1%
Film 1988 The Tailor of Gloucester
1%
TV Show 2005 Unscripted
1%
Short Documentary 2017 100 Years
0%
Documentary Series 2011, 2020 60 Minutes
0%
Documentary 1994 A Century of Cinema
0%
Documentary Mini-Series 1994 A Century of Women
0%
TV Special 2017 AFI Life Achievement Award: A Tribute to Diane Keaton
0%
TV Special 2018 AFI Life Achievement Award: A Tribute to George Clooney
0%
TV Special 1994 AFI Life Achievement Award: A Tribute to Jack Nicholson
0%
TV Special 2024 AFI Life Achievement Award: A Tribute to Nicole Kidman
0%
TV Special 2012 AFI Life Achievement Award: A Tribute to Shirley MacLaine
0%
TV Special 2015 AFI Life Achievement Award: A Tribute to Steve Martin
0%
Documentary 2019 Alan Pakula: Going for Truth
0%
TV Special 2006 Al Pacino: An American Cinematheque Tribute
0%
Documentary Series 1989, 2000, 2016, 2022 American Masters
0%
TV Special 2017 Amy Adams: An American Cinematheque Tribute
0%
TV Special 1990 An Evening with Friends of the Environment
0%
Documentary 1994 An Introduction of the Ketogenic Diet
0%
TV Documentary 2002 A Quiet Revolution
0%
TV Documentary 1990 Arctic Refuge: A Vanishing Wilderness?
0%
Documentary Series 2000 Arena
0%
Documentary 2000 A Song of Africa
0%
Short Documentary 1997 Assignment: Rescue
0%
Short Documentary 2015 Auschwitz
0%
Documentary 2018 Beyond Boundaries: The Harvey Weinstein Scandal
0%
Documentary Series 2005 Biography
0%
TV Documentary 2015 Caring for Mom & Dad
0%
TV Documentary 1998 Christopher Reeve: A Celebration of Hope
0%
Documentary Mini-Series 2021 Clint Eastwood: A Cinematic Legacy
0%
TV Documentary 1998 Defending Our Daughters: The Rights of Women in the World
0%
Documentary 2024 Escape from Extinction: Rewilding
0%
Documentary 1998 Eternal Memory: Voices from the Great Terror
0%
Documentary 2018 Every Act of Life
0%
Documentary 2016 Everybody Knows... Elizabeth Murray
0%
Documentary Series 2010 Faces of America with Henry Louis Gates, Jr.
0%
Short Documentary 1997 Fifty Poems of Emily Dickinson
0%
TV Documentary 1999 From Star Wars to Star Wars: The Story of Industrial Light & Magic
0%
Documentary Series 2005, 2008 Getaway
0%
Documentary 1999 Ginerva's Story: Solving the Mysteries of Leonardo da Vinci's First Known Portrait
0%
TV Special 2010 Hope for Haiti Now: A Global Benefit for Earthquake Relief
0%
Documentary 1983 In Our Hands
0%
Web Special 2020 In Search of the Sanderson Sisters: A Hocus Pocus Hulaween Takeover
0%
Documentary 2007 In the Company of Actors
0%
Documentary Series 1998, 2001 Intimate Portrait
0%
Documentary 2012 Joe Papp in Five Acts
0%
Documentary 2005 Karen Blixen: Out of This World
0%
TV Documentary 2017 Ken Burns: America's Storyteller
0%
TV Documentary 2020 Meryl Streep - Mystères et Métamorphoses
0%
Documentary 2004 Monet's Palate: A Gastronomic View from the Gardens of Giverny
0%
TV Special 1997 Moving Image Salutes Goldie Hawn
0%
Documentary 2019 Museum Town
0%
TV Documentary 2002 New York at the Movies
0%
TV Special 2003 Nicole Kidman: An American Cinematheque Tribute
0%
TV Special 2001 Nobel Peace Prize Concert
0%
Documentary 1985 Power Struggle
0%
Music Video 2013 Queenie Eye
0%
Documentary Series 1990 Race to Save the Planet
0%
Short Documentary 2008 Ribbon of Sand
0%
Documentary Mini-Series 2001 School: The Story of American Public Education
0%
Documentary 2020 Served: Harvey Weinstein
0%
Short Documentary 2010 Sky Island
0%
Short Documentary 2011 Sky Island
0%
Web Special 2025 SNL50: The Homecoming Concert
0%
TV Special 2008 Stand Up to Cancer
0%
Short Documentary 2016 Starring Austin Pendleton
0%
Web Series 2024 Storyline Online
0%
Web Special 2020 Take Me to the World: A Sondheim 90th Birthday Celebration
0%
TV Special 2012 Teachers Rock!
0%
TV Documentary 2009 Tell Them Anything You Want: A Portrait of Maurice Sendak
0%
TV Special 1983 The Best of Everything
0%
Short TV Documentary 1985 The Colors of Hope
0%
TV Special 2014 The Concert for Valor
0%
Documentary Series 2004 The Hollywood Greats
0%
Documentary 2001 The Papp Project
0%
TV Documentary 2002 There's Only One Paul McCartney
0%
Documentary Series 2018 The South Bank Show
0%
TV Documentary 2017 The Words That Built America
0%
TV Documentary 2001 Vermeer: Master of Light
0%
TV Special 1991 Voices That Care
0%
TV Special 1990 Warner Bros. Celebration of Tradition, June 2, 1990
0%
TV Documentary 2016 We Will Rise: Michelle Obama's Mission to Educate Girls Around the World
0%
TV Documentary 2003 What Not to Wear on the Red Carpet
0%
Documentary 2006 Wrestling with Angels: Playwright Tony Kushner
0%
No matching quizzes found
Score Distribution
Percent of People with Each Score
Percentile by Number Answered
Your Score History
You have not taken this quiz since the last reset